| 000 | 00619nam a2200193Ia 4500 | ||
|---|---|---|---|
| 008 | 220216s9999 xx 000 0 und d | ||
| 100 | _aMaidunny Zainul Abdin Bin | ||
| 245 | 0 | _aNatural rubber-carbon black masterbatches from field latex. II. Effect of carbon black grinding | |
| 260 |
_bJournal of the Rubber Research Institute of Malaysia _c1984 |
||
| 300 | _a113-118 | ||
| 650 | _aCarbon black | ||
| 650 | _aMasterbatch | ||
| 650 | _aNatural rubber | ||
| 700 | _aDulngali Sidek Bin | ||
| 700 | _aNor Mohd Raffali Bin Mohd | ||
| 700 | _aOthman Sharif Bin | ||
| 700 | _aYaacob Wan Idris Bi Wan | ||
| 942 | _cJS | ||
| 999 |
_c63685 _d63685 |
||